000 01269cam a2200289 i 4500
003 SA-RiAUC
005 20241225134313.0
008 241123s1991 ua g f000 0 ara c
040 _aJO-MaAABU
_bara
_cSA-RiAUC
_erda
082 0 4 _a214.61072
090 _a214.61072
_b م ح م
100 1 _aمحمد، محمد عبد الجواد
_eمؤلف.
245 1 0 _aبحوث في الشريعة الإسلامية والقانون في الطب الإسلامي /
_cمحمد عبد الجواد محمد.
264 1 _aالقاهرة :
_bجامعة القاهرة،
_c1991
300 _a191 صفحة ؛
_c24 سم.
336 _aنص
_btxt
_2rdacontent
_3كتاب
337 _aبدون وسيط
_bn
_2rdamedia
338 _aمجلد
_bnc
_2rdacarrier
490 1 _aالمكتبة القانونية
500 _aاهداء من المؤلف محمد عبدالجواد محمد بتاريخ27/ 02/ 1412 هـالموافق 9/ 9 / 1991 م
650 7 _aالطب الإسلامي
_xبحوث
_2aucsh
650 7 _aالطب الإسلامي
_xقوانين وتشريعات
_2aucsh
830 2 _aالمكتبة القانونية (جامعة القاهرة)
942 _2ddc
_cBOOK
_n0
949 _aSA-JeALM
_d241123
_umohamedma123
_n1
999 _c3951
_d3951